LEADER 01463nam 2200205zu 450 001 996694433503316 005 20260108110504.0 035 $a(CKB)37912949900041 035 $a(UnM)99854879 035 $a(EXLCZ)9937912949900041 100 $a20250319|1577uuuu || | 101 0 $aeng 135 $aur||||||||||| 200 10$aStraunge And Terrible Wunder Wrought Very Late In The The Parish Church Of Bongay, A Tovvn Of No Great Distance From The Citie Of Norwich, Namely The Fourth Of This August, In Ye Yeere Of Our Lord 1577 : In A Great Tempest Of Violent Raine, Lightning, And Thunder, The Like Wherof Hath Been Seldome Seene. With The Appeerance Of An Horrible Shaped Thing, Sensibly Perceiued Of The The People Then And There Assembled. Drawen Into A Plain Method According To The Written Copye. By Abraham Fleming 210 $cProQuest, UMI$d1577 700 $aFleming$0333646 906 $aBOOK 912 $a996694433503316 996 $aStraunge And Terrible Wunder Wrought Very Late In The The Parish Church Of Bongay, A Tovvn Of No Great Distance From The Citie Of Norwich, Namely The Fourth Of This August, In Ye Yeere Of Our Lord 1577 : In A Great Tempest Of Violent Raine, Lightning, And Thunder, The Like Wherof Hath Been Seldome Seene. With The Appeerance Of An Horrible Shaped Thing, Sensibly Perceiued Of The The People Then And There Assembled. Drawen Into A Plain Method According To The Written Copye. By Abraham Fleming$94511577 997 $aUNISA